000 00734nam a2200241 a 4500
001 33028
003 BD-RjUL
005 20211209051932.0
008 140429r19261918us b 001 0 eng d
035 _a(BD-RjUL)33118
040 _aDLC
_beng
_cDLC
_dBD-RjUL
041 _aeng
082 0 4 _a209
_bHOH 1926
100 1 _aHopkins, Edward Washburn,
_d1857-1932.
_997884
245 1 4 _aThe history of religions /
_cby E. Washburn Hopkins.
260 _aNew York :
_bThe Macmillan Company,
_c1926.
300 _a 624 p. ;
_c21 cm.
490 1 _aReligious science and literature series
504 _aIncludes index.
650 0 _aReligions
_xHistory.
_95390
830 0 _aReligious science and literature series
_9100375
942 _2ddc
_cBK
999 _c33028
_d33028